000 00458nam a22001697a 4500
003 NUST - PNEC
005 20170116180913.0
008 150903b xxu||||| |||| 00| 0 eng d
020 _a0582450896
040 _cLIBRARY
082 _a620.112 TRE
100 _97217
_aTrethewey, K. R.
245 _aCorrosion: for students of science and engineering
_cK. R. Trethewey
260 _cc. 1988
650 _97223
_aMechanical Engineering
_xME
942 _2ddc
_cBK
999 _c65350
_d65350